基督徒的生活 = (Record no. 39084)
[ view plain ]
| 000 -LEADER | |
|---|---|
| fixed length control field | 00797cam a2200241 i 4500 |
| 001 - CONTROL NUMBER | |
| control field | .b41665235 |
| 008 - FIXED-LENGTH DATA ELEMENTS--GENERAL INFORMATION | |
| fixed length control field | 120528s2011 cc 000 0 chi d |
| 020 ## - INTERNATIONAL STANDARD BOOK NUMBER | |
| International Standard Book Number | 9787108038470 (平裝) |
| 040 ## - CATALOGING SOURCE | |
| Original cataloging agency | AS |
| Language of cataloging | chi |
| Transcribing agency | BSOP |
| 041 1# - LANGUAGE CODE | |
| Language code of text/sound track or separate title | chi |
| Language code of original and/or intermediate translations of text | eng |
| 050 ## - LIBRARY OF CONGRESS CALL NUMBER | |
| Classification number | BV4501.3 |
| 100 1# - MAIN ENTRY--PERSONAL NAME | |
| Personal name | 加爾文 |
| Fuller form of name | (Calvin, Jean, |
| Dates associated with a name | 1509-1564) |
| Relator term | 著 |
| 245 10 - TITLE STATEMENT | |
| Title | 基督徒的生活 = |
| Remainder of title | Golden booklet of the true christian life / |
| Statement of responsibility, etc | (法)约翰‧加尔文{{С(John Calvin)著 ; 钱曜诚等译, 孙毅选编 |
| 246 31 - VARYING FORM OF TITLE | |
| Title proper/short title | Golden booklet of the true christian life. |
| 250 ## - EDITION STATEMENT | |
| Edition statement | 北京第1版 |
| 260 ## - PUBLICATION, DISTRIBUTION, ETC. (IMPRINT) | |
| Place of publication, distribution, etc | 北京 : |
| Name of publisher, distributor, etc | 三联书店, |
| Date of publication, distribution, etc | 2011. |
| 300 ## - PHYSICAL DESCRIPTION | |
| Extent | 217 p. ; |
| Dimensions | 23cm |
| 590 ## - LOCAL NOTE (RLIN) | |
| Local note | 館藏: 2011北京第1刷. |
| 650 #7 - SUBJECT ADDED ENTRY--TOPICAL TERM | |
| Topical term or geographic name as entry element | 基督徒 |
| Source of heading or term | csht. |
| 700 1# - ADDED ENTRY--PERSONAL NAME | |
| Personal name | 錢曜誠 |
| Relator term | 譯 |
| 700 1# - ADDED ENTRY--PERSONAL NAME | |
| Personal name | 孫毅 |
| Relator term | 選編 |
| 942 ## - ADDED ENTRY ELEMENTS (KOHA) | |
| Source of classification or shelving scheme | Library of Congress Classification |
| Item type | Books |
| Withdrawn status | Lost status | Source of classification or shelving scheme | Damaged status | Not for loan | Home library | Current library | Shelving location | Date acquired | Accession number | Total Checkouts | Full call number | Barcode | Date last seen | Price effective from | Koha item type |
|---|---|---|---|---|---|---|---|---|---|---|---|---|---|---|---|
| Library of Congress Classification | BSOP Library | BSOP Library | Chinese Books (General Circulation) | 07/02/2015 | C-13972 | CH BV 4501.3 C13 | 00046375 | 07/02/2015 | 07/02/2015 | Books |
